Sports Quiz

Random Sports or NBA Quiz

NBA Team by Graph Quiz Stats

 Plays Quiz Updated May 25, 2016

Score 0/30 Timer 12:00
8 Plays Today
% Correct
San Antonio Spurs
80.8%
Miami Heat
52.9%
Charlotte Hornets
51.4%
Los Angeles Lakers
43.4%
Cleveland Cavaliers
43.4%
Los Angeles Clippers
42.3%
Chicago Bulls
37.2%
Boston Celtics
36%
Dallas Mavericks
35.6%
Oklahoma City Thunder
32.7%
New Orleans Pelicans
31.8%
Orlando Magic
31.6%
Minnesota Timberwolves
28%
Phoenix Suns
25.5%
Sacramento Kings
24.4%
% Correct
Atlanta Hawks
23.8%
Brooklyn Nets
23.5%
Utah Jazz
21.8%
Toronto Raptors
19.3%
Detroit Pistons
19.2%
Memphis Grizzlies
19%
Houston Rockets
18.8%
Denver Nuggets
18.5%
New York Knicks
18.5%
Washington Wizards
16.8%
Milwaukee Bucks
16.4%
Indiana Pacers
16.2%
Golden State Warriors
15.4%
Philadelphia 76ers
15.2%
Portland Trail Blazers
14.6%

You're not logged in!

Compare scores with friends on all Sporcle quizzes.
Join for Free
OR
Log In

You Might Also Like...

Show Comments

Extras

Top Quizzes Today


Score Distribution

Your Account Isn't Verified!

In order to create a playlist on Sporcle, you need to verify the email address you used during registration. Go to your Sporcle Settings to finish the process.

Report this User

Report this user for behavior that violates our Community Guidelines.

Details: